00943 a2200229 4500010001400000020002300014035001300037037001500050082001000065090001700075245012700092260003600219260003600255270006100291300002900352490009100381500004100472700002300513942002500536999001700561952013500578 aENG-89686 a8178241978c595.00 aEN-73219 bDBAD / VEN14a639.9 c11455d114551 aMaking conservation work:bsecuring biodiversity in this new century/cedited by Ghazala Shahabuddin and Mahesh Rangarajan aRanikhetbPermanent Blackc2008 aNew DelhibOrient Longmanc2008 aHimalayana Mall Raod, Ranikhet Cantt.,bRanikhete263645 axiii, 295p.;c23 cm (Hb) a(Nature, culture, conservation series/edited by Mahesh Rangarajan and K. Ullas Karanth aIncludes bibliographical references1 aRangarajan, Mahesh adplcENk639.9 / MAK c11140d11140 00102ddc40718NFICaDBADbDBADeDBAD/PUBg595.00l0o639.9 MAKpEN-73219r2008-09-15 00:00:00t1u12248v595.00w2008-09-15yEN